banner koha

Estabelecimento a campo de mudas de Eucalyptus grandis micorrizadas com Pisolithus microcarpus (UFSC Pt 116)em solo arenoso (Registro n. 210044)

MARC details
000 -LÍDER
campo de controle de tamanho fixo 01035nas a2200349 4500
001 - NÚMERO DE CONTROLE
campo de controle BR2010004247
003 - IDENTIFICADOR DO NÚMERO DE CONTROLE
campo de controle BR-BrBNA
005 - DATA E HORÁRIO DA ÚLTIMA TRANSAÇÃO
campo de controle 20231205114713.0
007 - CAMPO FIXO DE DESCRIÇÃO FÍSICA--INFORMAÇÃO GERAL
campo de controle de tamanho fixo ta
008 - CAMPO DE DADOS FIXOS--INFORMAÇÃO GERAL
campo de controle de tamanho fixo 230509b bl.|||p| |||| 00| 00por d
040 ## - FONTE DA CATALOGAÇÃO
Instituição da catalogação original BR-BrBNA
Idioma da catalogação por
Instituição que transcreveu o registro Biblioteca Nacional de Agricultura
041 ## - CÓDIGO DE IDIOMA
Código do idioma do texto/trilha sonora ou título diferente (Pt)
072 ## - CÓDIGO DE CATEGORIA DE ASSUNTO
Código de Categoria de Assunto K10; P34
100 1# - ENTRADA PRINCIPAL--NOME PESSOAL
Nome pessoal Mello, A.H. de
100 1# - ENTRADA PRINCIPAL--NOME PESSOAL
Nome pessoal Antoniolli, Z.I.
100 1# - ENTRADA PRINCIPAL--NOME PESSOAL
Nome pessoal Kasminski, J.
100 1# - ENTRADA PRINCIPAL--NOME PESSOAL
Nome pessoal Souza, E.L. de
100 1# - ENTRADA PRINCIPAL--NOME PESSOAL
Nome pessoal Schirmer, G.K.
100 1# - ENTRADA PRINCIPAL--NOME PESSOAL
Nome pessoal Machado, R.G.
100 1# - ENTRADA PRINCIPAL--NOME PESSOAL
Nome pessoal Lupatini, M.
100 1# - ENTRADA PRINCIPAL--NOME PESSOAL
Nome pessoal Moro Júnior, C.
245 1# - TÍTULO
Título Estabelecimento a campo de mudas de Eucalyptus grandis micorrizadas com Pisolithus microcarpus (UFSC Pt 116)em solo arenoso
650 ## - ASSUNTO--TERMO TÓPICO
Cabeçalho tópico ou nome geográfico FÓSFORO
650 ## - ASSUNTO--TERMO TÓPICO
Cabeçalho tópico ou nome geográfico EUCALIPTO
650 ## - ASSUNTO--TERMO TÓPICO
Cabeçalho tópico ou nome geográfico MUDA
650 ## - ASSUNTO--TERMO TÓPICO
Cabeçalho tópico ou nome geográfico CRESCIMENTO
650 ## - ASSUNTO--TERMO TÓPICO
Cabeçalho tópico ou nome geográfico MICORRIZA
650 ## - ASSUNTO--TERMO TÓPICO
Cabeçalho tópico ou nome geográfico FUNGO
773 0# - ENTRADA ANALÍTICA
Título Ciência Florestal (Brazil)
ISSN - International Standard Serial Number ISSN 0103-9954
Partes relacionadas (Mar-Jun 2009), v. 19(1-2) p. 149-155
Número de controle do registro BR2010004247
909 ## -
-- 202311
-- Lúcia
-- 55
-- Lúcia Elande
942 ## - ELEMENTOS DE ENTRADA ADICIONADOS (KOHA)
Fonte da classificação ou esquema de arquivamento na estante Classificação AGRIS
Ocultar no OPAC Não
Tipo de material Koha Analítica
Exemplares
Situação do descarte Fonte da classificação ou esquema de arquivamento na estante Situação física Não pode ser emprestado Biblioteca de origem Biblioteca atual Localização na estante Enumeração do periódico / cronologia Total de empréstimos Data de último acesso Número do exemplar Tipo de material Koha Fonte de aquisição
  Classificação AGRIS   Consulta local Biblioteca Nacional de Agricultura - Binagri Biblioteca Nacional de Agricultura - Binagri   (Mar-Jun 2009), v. 19(1-2) p. 149-155   29/11/2023 01 Periódicos Portaria Interministerial nº 164/94

BINAGRI

Telefone: (61)3218-2567/2388/3357/2097 - binagri@agro.gov.br

Ministério da Agricultura e Pecuária , Esplanada dos Ministérios, Bloco D, Anexo B, Brasília/DF, CEP: 70.043-900